| 000 | 00756nam a2200193 a 4500 | ||
|---|---|---|---|
| 001 | 50088 | ||
| 005 | 20180714035025.0 | ||
| 008 | 140415d 000 0 eng d | ||
| 020 | _a0070181311 | ||
| 041 | _aeng | ||
| 082 |
_a620.0045 _bDRA |
||
| 100 | 1 | _aDRAKE, PAUL J. | |
| 245 | 1 | 0 | _aDIMENSIONING AND TOLERANCING HANDBOOK |
| 250 | _a1a ed. | ||
| 260 |
_a[s.l.] : _bMCGRAW-HILL COMPANIES, _c[s.f.] |
||
| 300 |
_a280 _c19.2 x 4.3 x 24 |
||
| 520 | _aTHE ONLY BOOK TO TIE THE ENTIRE PORDUCT DESIGN PROCESS TOGETHER WITH THE LATEST BEST PRACTICE METHODS, DIMENSIONING AND TOLERANCING HANDBOOK USHERS IN A A WHOLE NWE WAY TO IMPROVE MECHANICAL DESIGN AND MANUFACTURING QUALITY WHILE CUTTING COSTS | ||
| 650 | 1 | 4 | _aTOLERANCIAS (INGENIERIA) |
| 999 |
_c50088 _d50088 |
||